Finite element method (Record no. 849)

MARC details
000 -LEADER
fixed length control field 00933 a2200241 4500
008 - FIXED-LENGTH DATA ELEMENTS--GENERAL INFORMATION
fixed length control field 080821t xxu||||| |||| 00| 0 eng d
010 ## - LIBRARY OF CONGRESS CONTROL NUMBER
LC control number ENG-84996
020 ## - INTERNATIONAL STANDARD BOOK NUMBER
International Standard Book Number 8188689335
Terms of availability 450.00
035 ## - SYSTEM CONTROL NUMBER
System control number EN-68529
037 ## - SOURCE OF ACQUISITION
Source of stock number/acquisition D.B.Act / Pub
082 ## - DEWEY DECIMAL CLASSIFICATION NUMBER
Classification number 620.00151535
100 ## - MAIN ENTRY--PERSONAL NAME
Personal name Samuelsson, Alf
245 ## - TITLE STATEMENT
Title Finite element method
Remainder of title basics
Statement of responsibility, etc Alf Samuelsson and Nils-Erik Wiberg
260 ## - PUBLICATION, DISTRIBUTION, ETC. (IMPRINT)
Place of publication, distribution, etc New Delhi
Name of publisher, distributor, etc Overseas Press
Date of publication, distribution, etc 2006
300 ## - PHYSICAL DESCRIPTION
Extent xv, 430 p.
Other physical details ill. ;
Dimensions 22 cm. (Pbk)
500 ## - GENERAL NOTE
General note Includes bibliographical references and index
650 ## - SUBJECT ADDED ENTRY--TOPICAL TERM
Topical term or geographic name as entry element Structural analysis (Engineering)
650 ## - SUBJECT ADDED ENTRY--TOPICAL TERM
Topical term or geographic name as entry element Continuum mechanics.
650 ## - SUBJECT ADDED ENTRY--TOPICAL TERM
Topical term or geographic name as entry element Finite element method.
700 ## - ADDED ENTRY--PERSONAL NAME
Personal name Wiberg, Nils-Erik
942 ## - ADDED ENTRY ELEMENTS (KOHA)
Institution code [OBSOLETE] dpl
Koha item type English Books
Call number prefix 620.00151535 / SAM
Source of classification or shelving scheme Dewey Decimal Classification
Classification part 620.00151535
Call number suffix SAM
Holdings
Withdrawn status Lost status Damaged status Not for loan Home library Current library Date acquired Cost, normal purchase price Total Checkouts Full call number Barcode Date last seen Copy number Uniform Resource Identifier Cost, replacement price Price effective from Koha item type
        D.B.Act.Division D.B.Act.Division 21/08/2008 450.00   620.00151535 SAM EN-68529 15/09/2008 1 864 450.00 15/09/2008 English Books

© Delhi Public Library
Hit Counter
free hit counter